Innovative decision-making techniques : A foccussed approach /

Na minha lista:
Detalhes bibliográficos
Main Authors: Bresnick, Terry (Author), Periu, Omar (Author)
Formato: Livro
Idioma:inglês
Publicado em: Švajčiarsko Springer 2022
Assuntos:
Tags: Adicionar Tag
Sem tags, seja o primeiro a adicionar uma tag!

MARC

LEADER 00000nam a22000003a 4500
001 0106348
003 SK-STU
005 20231116102347.0
007 ta
008 231116s ----xo-----e------000-0-----d
020 |a 978-3-031-11279-9 
040 |a STU  |b slo 
041 0 |a eng 
044 |a sz 
100 1 |a Bresnick, Terry  |4 aut 
245 1 0 |a Innovative decision-making techniques :  |b A foccussed approach /  |c aut. Terry Bresnick 
260 |a Švajčiarsko  |b Springer  |c 2022 
300 |a 150s. 
650 0 7 |a operačný výskum 
650 0 7 |a teória rozhodovania 
650 0 7 |a operačný manažment 
650 0 7 |a teória pravdepodobnosti 
650 0 7 |a stochastické procesy 
700 1 |a Periu, Omar  |4 aut 
996 |b 284M089449  |c M* 14801-1  |l MMKN  |s A  |a 24  |w 0106348_0001